000 00231nam a2200097Ia 4500
008 120527s9999 xx 000 0 und d
100 _aMACDONALD, S
245 _aPractice in textual analysis
260 _bRobert Cubson
942 _cBK
999 _c25649
_d25649